| 000 | 00785nam a2200253Ia 4500 | ||
|---|---|---|---|
| 003 | OSt | ||
| 005 | 20220918190658.0 | ||
| 006 | a|||||r|||| 00| 0 | ||
| 007 | ta | ||
| 008 | 220917b |||||||| |||| 00| 0 eng d | ||
| 024 | _a58,717 | ||
| 037 | _cTextual | ||
| 040 |
_aARTS _cARTS _beng |
||
| 041 |
_2eng _aeng |
||
| 082 | _aQ1:3:g, N1 (P15) | ||
| 100 |
_aBodewitz H W _973217 |
||
| 245 | 0 | _aLight soul and visions in the veda | |
| 260 |
_aPoona _bBhandarkar Oriental Research Institute _c1991 |
||
| 300 |
_a4,53p. _ccm. |
||
| 490 | _aBhandarkar oriental research Institute post graduate and research de[ptt series; 36. P D Gune memorial lectures; 5 | ||
| 650 | _aRELIGION | ||
| 942 |
_hQ1:3:g, N1 (P15) _cTEXL _2CC |
||
| 999 |
_c186391 _d186391 |
||